[Event "15th London Classic Open"]
[Site "London ENG"]
[Date "2025.11.28"]
[Round "3.37"]
[White "Abdulla, Murad"]
[Black "Pollack, Oscar"]
[Result "1-0"]
[WhiteTitle "FM"]
[WhiteElo "2324"]
[BlackElo "2099"]
[WhiteFideId "2403757"]
[BlackFideId "429414"]
[EventDate "2025.11.27"]

1. Nf3 Nf6 2. g3 g6 3. Bg2 Bg7 4. O-O O-O 5. c4 d6 6. d4 Nbd7 7. Nc3 e5 8. Qc2
c6 9. Rd1 Qb6 10. h3 Re8 11. e4 exd4 12. Nxd4 Nc5 13. Be3 a5 14. Nb3 Qb4 15.
Nxc5 dxc5 16. Na4 b5 17. Nb6 bxc4 18. Nxa8 Qb7 19. Qxc4 Qxa8 20. Qxc5 Nd7 21.
Qc2 Nf8 22. Rac1 Bb7 23. Bd4 Bh6 24. f4 Ne6 25. Be3 c5 26. e5 Bxg2 27. Qxg2 Qa7
28. Qc6 Rb8 29. Rd7 Qb6 30. Qxb6 Rxb6 31. b3 a4 32. Rxc5 Nxc5 33. Rd8+ 1-0

[Event "15th London Classic Open"]
[Site "London ENG"]
[Date "2025.11.28"]
[Round "3.38"]
[White "Verbytski, Oleg"]
[Black "Houska, Jovanka"]
[Result "1/2-1/2"]
[BlackTitle "IM"]
[WhiteElo "2092"]
[BlackElo "2320"]
[WhiteFideId "495506"]
[BlackFideId "405094"]
[EventDate "2025.11.27"]

1. e4 c6 2. d4 d5 3. Nc3 dxe4 4. Nxe4 Nf6 5. Nxf6+ exf6 6. c3 Bd6 7. Bd3 Na6 8.
Ne2 Nc7 9. Qc2 h5 10. O-O h4 11. h3 Nd5 12. a3 Kf8 13. Re1 Be6 14. c4 Ne7 15.
Bf4 g5 16. Bxd6 Qxd6 17. Qc3 Kg7 18. Rad1 Rad8 19. Bb1 Bc8 20. Qf3 Rhe8 21. Nc3
f5 22. Re5 Qf6 23. Rde1 Be6 24. d5 cxd5 25. cxd5 Bd7 26. Qd3 Nc8 27. Rxe8 Rxe8
28. Rxe8 Bxe8 29. Qxf5 Qxf5 30. Bxf5 Nd6 31. Bd3 Kf6 32. f3 Ke5 33. Kf2 f5 34.
Ke3 Bf7 35. Nb5 Nxb5 36. Bxb5 Bxd5 37. Be2 a6 38. Bd3 Bb3 39. Bf1 b5 40. Be2 Ba4
41. Bd3 Bb3 42. Be2 f4+ 43. Kd2 Kd4 44. Bd3 Bc4 45. Be2 Bb3 46. Bd3 Ba4 47. Be2
Bb3 1/2-1/2

[Event "15th London Classic Open"]
[Site "London ENG"]
[Date "2025.11.28"]
[Round "3.39"]
[White "Badacsonyi, Stanley"]
[Black "Varney, Zoe"]
[Result "1-0"]
[WhiteTitle "FM"]
[BlackTitle "WFM"]
[WhiteElo "2316"]
[BlackElo "2062"]
[WhiteFideId "486973"]
[BlackFideId "436135"]
[EventDate "2025.11.27"]

1. d4 d5 2. c4 e6 3. Nc3 a6 4. cxd5 exd5 5. Bf4 Nf6 6. e3 c5 7. Nge2 Nc6 8. g3
cxd4 9. Nxd4 Bg4 10. Be2 Bxe2 11. Ncxe2 Bb4+ 12. Kf1 O-O 13. Kg2 Qd7 14. Rc1
Rac8 15. Nxc6 bxc6 16. Qa4 Qb7 17. Qb3 c5 18. Ng1 c4 19. Qd1 Rfd8 20. Nf3 Ne4
21. Be5 Nc5 22. Bd4 Nd3 23. Rc2 Qd7 24. a3 Be7 25. Rd2 Qe6 26. Ne1 Nc5 27. Bxc5
Bxc5 28. Nf3 Qb6 29. Rxd5 Rxd5 30. Qxd5 Qxb2 31. Ne5 Bxe3 32. Qxf7+ Kh8 33. Qf5
Qb7+ 34. Kh3 Bc5 35. Rb1 Qc7 36. Nf7+ Kg8 37. Ng5 Be7 38. Qxh7+ 1-0

[Event "15th London Classic Open"]
[Site "London ENG"]
[Date "2025.11.28"]
[Round "3.40"]
[White "Kovalskyi, Roman"]
[Black "Siva, Mahadevan"]
[Result "0-1"]
[BlackTitle "IM"]
[WhiteElo "2208"]
[BlackElo "2424"]
[WhiteFideId "14184214"]
[BlackFideId "25043153"]
[EventDate "2025.11.27"]

1. e4 e5 2. Nf3 Nc6 3. Bc4 d6 4. d4 exd4 5. Nxd4 Nf6 6. Nc3 Be7 7. f3 O-O 8.
Nxc6 bxc6 9. O-O Nd7 10. Be3 a5 11. a4 Rb8 12. Qd2 Rxb2 13. Bb3 Bf6 14. Rab1
Rxb1 15. Nxb1 Ba6 16. Rd1 Ne5 17. Qxa5 Qc8 18. Na3 Be2 19. Rb1 Bxf3 20. gxf3
Nxf3+ 21. Kf2 Qg4 22. Bc4 Ne5 23. Qd2 Bh4+ 24. Kf1 Qh3+ 25. Qg2 Qxe3 26. Bb3 Nf3
27. Nc4 Qf4 28. Ke2 Qxe4+ 29. Ne3 Nd4+ 30. Kd2 Nxb3+ 31. Rxb3 Qxa4 32. Nf5 Qa5+ 0-1

[Event "15th London Classic Open"]
[Site "London ENG"]
[Date "2025.11.28"]
[Round "3.41"]
[White "Kanov, Nikola"]
[Black "Badrinath, S."]
[Result "1-0"]
[WhiteTitle "IM"]
[BlackTitle "CM"]
[WhiteElo "2418"]
[BlackElo "2200"]
[WhiteFideId "2928531"]
[BlackFideId "5029961"]
[EventDate "2025.11.27"]

1. e4 e5 2. Nf3 Nc6 3. Bb5 a6 4. Ba4 Nf6 5. O-O b5 6. Bb3 Bc5 7. c3 d6 8. d4 Bb6
9. a4 Rb8 10. a5 Ba7 11. h3 Bb7 12. Be3 Nxe4 13. d5 Bxe3 14. dxc6 Nxf2 15. Qe2
Nxh3+ 16. Kh1 Nf2+ 17. Rxf2 Bxf2 18. Qxf2 Bxc6 19. Nxe5 Bxg2+ 20. Kg1 Qe7 21.
Nxf7 Rf8 22. Nd2 Rxf7 23. Bxf7+ Qxf7 24. Qxg2 Kd7 25. Rf1 Qe7 26. Ne4 Re8 27.
Nc5+ dxc5 28. Rd1+ Qd6 29. Rxd6+ cxd6 30. Qb7+ 1-0

[Event "15th London Classic Open"]
[Site "London ENG"]
[Date "2025.11.28"]
[Round "3.42"]
[White "Wells, Peter K"]
[Black "Kudaibergen, Nurlykhan"]
[Result "1-0"]
[WhiteTitle "GM"]
[WhiteElo "2321"]
[BlackElo "2127"]
[WhiteFideId "400327"]
[BlackFideId "13724665"]
[EventDate "2025.11.27"]

1. d4 d5 2. c4 e6 3. Nf3 c5 4. cxd5 exd5 5. g3 Nc6 6. Bg2 Nf6 7. O-O Be7 8. dxc5
Bxc5 9. Bg5 O-O 10. Nc3 d4 11. Bxf6 Qxf6 12. Nd5 Qd8 13. Nd2 Re8 14. Rc1 Bf8 15.
Nb3 Be6 16. Nf4 Bg4 17. h3 Bf5 18. Nc5 Bxc5 19. Rxc5 Be4 20. Bxe4 Rxe4 21. Qd3
Qe7 22. Rfc1 Re8 23. a3 a6 24. Qf3 h6 25. Kg2 Qf6 26. b4 R4e5 27. Rxe5 Rxe5 28.
Nd3 Qxf3+ 29. Kxf3 Re7 30. Rc5 f6 31. a4 Kf7 32. h4 g6 33. g4 Nd8 34. Rd5 Ne6
35. Nc5 Nxc5 36. bxc5 Rc7 37. Ke4 Re7+ 38. Kd3 Ke6 39. Kxd4 Rh7 40. Rd6+ Ke7 41.
Rb6 Kd8 42. Rxf6 g5 43. hxg5 hxg5 44. Rg6 Rf7 45. f3 Rf4+ 46. Kd5 Rxa4 47. Rxg5
b5 48. Rg8+ Kc7 49. Rg7+ Kd8 50. c6 Rc4 51. Kd6 Rd4+ 52. Kc5 Rc4+ 53. Kb6 b4 54.
c7+ Kc8 55. Rg8+ 1-0

[Event "15th London Classic Open"]
[Site "London ENG"]
[Date "2025.11.28"]
[Round "3.43"]
[White "Fellowes, Billy"]
[Black "Balaji, Aaravamudhan"]
[Result "1/2-1/2"]
[WhiteTitle "CM"]
[BlackTitle "IM"]
[WhiteElo "2184"]
[BlackElo "2305"]
[WhiteFideId "483540"]
[BlackFideId "436224"]
[EventDate "2025.11.27"]

1. e4 g6 2. d4 Bg7 3. Nf3 d6 4. Bd3 Nf6 5. O-O O-O 6. Re1 Nc6 7. d5 Nb8 8. h3 e5
9. dxe6 Bxe6 10. c3 Nc6 11. Nbd2 d5 12. Ng5 Bc8 13. e5 Nh5 14. Ndf3 h6 15. g4
hxg5 16. gxh5 g4 17. h6 gxf3 18. hxg7 Kxg7 19. Qxf3 Rh8 20. Qg2 Rh5 21. e6 Qf6
22. h4 Re5 23. Be3 Qxe6 24. Qg3 Qg4 25. Bf4 Qxg3+ 26. fxg3 Rxe1+ 27. Rxe1 Be6
28. Bxc7 Rc8 29. Bf4 Rd8 30. Bb5 Kg8 31. Bxc6 bxc6 32. Be3 a5 33. Re2 Rb8 34.
Bd4 a4 35. Be5 Rb7 36. Rd2 Kf8 37. Bf6 Ke8 38. a3 Kd7 39. c4 Rb3 40. Bc3 Kd6 41.
Kf2 Rb8 42. cxd5 cxd5 43. Rd4 Bd7 44. g4 Re8 45. h5 gxh5 46. gxh5 Re4 47. h6
Rxd4 48. Bxd4 Bf5 49. Ke3 Kc6 50. Kf4 Be4 1/2-1/2

[Event "15th London Classic Open"]
[Site "London ENG"]
[Date "2025.11.28"]
[Round "3.44"]
[White "Krishnan, Ritvik"]
[Black "Figeac, Aurelien"]
[Result "1-0"]
[WhiteTitle "FM"]
[WhiteElo "2265"]
[BlackElo "2121"]
[WhiteFideId "45055297"]
[BlackFideId "616818"]
[EventDate "2025.11.27"]

1. d4 d5 2. c4 e6 3. Nf3 Nf6 4. g3 Be7 5. Bg2 O-O 6. O-O Nbd7 7. Qc2 a5 8. Nbd2
b6 9. e4 dxe4 10. Nxe4 Bb7 11. Nxf6+ Nxf6 12. Rd1 Qe8 13. Be3 Rc8 14. Rac1 b5
15. d5 exd5 16. cxb5 Qxb5 17. Nd4 Qa6 18. Nc6 Bd6 19. Bxd5 Nxd5 20. Rxd5 Bxc6
21. Qxc6 Ra8 22. Rb5 Qxc6 23. Rxc6 Rfb8 24. Ra6 Kf8 25. Raxa5 Rxa5 26. Rxb8+ Ke7
27. a3 Ke6 28. Kf1 Kd5 29. Ke2 h5 30. h4 Kc4 31. b3+ Kd5 32. a4 g6 33. Kd3 Be7
34. Bd2 Ra7 35. a5 Bc5 36. Rb5 1-0

[Event "15th London Classic Open"]
[Site "London ENG"]
[Date "2025.11.28"]
[Round "3.45"]
[White "Xian, Junhao"]
[Black "Dobrosmyslov, Artem"]
[Result "1-0"]
[BlackTitle "FM"]
[WhiteElo "2166"]
[BlackElo "2254"]
[WhiteFideId "8607621"]
[BlackFideId "24139521"]
[EventDate "2025.11.27"]

1. d4 d5 2. c4 e6 3. Nc3 Bb4 4. cxd5 exd5 5. Bf4 Nf6 6. e3 O-O 7. Bd3 c5 8. dxc5
Re8 9. Ne2 Nc6 10. O-O Bxc5 11. Rc1 a6 12. Na4 Bd6 13. Bxd6 Qxd6 14. Nb6 Rb8 15.
Nxc8 Rbxc8 16. Bf5 Rcd8 17. Nd4 Ne5 18. Qc2 g6 19. Bh3 Ne4 20. g3 Qf8 21. Bg2
Qh6 22. Qe2 Re7 23. Rfe1 Rde8 24. b3 Nf6 25. Qf1 Nfg4 26. h3 Nf6 27. Rc5 Rd8 28.
Rd1 Qf8 29. Rdc1 Ne4 30. R5c2 h5 31. Nf3 Nc6 32. Nd4 Nb4 33. Rb2 Rc8 34. Rd1 h4
35. gxh4 Re5 36. a3 Nc6 37. b4 Nxd4 38. Rxd4 Rc3 39. Qd1 Qc8 40. Rxd5 Kh7 41.
Qd4 Rxd5 42. Qxd5 Rc1+ 43. Kh2 Qc7+ 44. f4 Nd6 45. h5 Nf5 46. hxg6+ fxg6 47.
Qxb7 Nxe3 48. Qxc7+ Rxc7 49. Rb3 Nxg2 50. Kxg2 Rc4 51. Kf3 a5 52. bxa5 Ra4 53.
Rb5 Rxa3+ 54. Kg4 Kh6 55. h4 Ra1 56. h5 Rg1+ 57. Kh3 gxh5 58. Rb6+ Kg7 59. a6
Ra1 60. Rb7+ Kg6 61. Ra7 Ra4 62. Ra8 Kg7 63. a7 Ra1 64. f5 Ra3+ 65. Kh4 Ra5 66.
f6+ Kh7 67. f7 Kg6 68. f8=Q Rxa7 69. Qg8+ 1-0

[Event "15th London Classic Open"]
[Site "London ENG"]
[Date "2025.11.28"]
[Round "3.46"]
[White "Sivanandan, Bodhana"]
[Black "Han, Qixiang"]
[Result "1/2-1/2"]
[WhiteTitle "WIM"]
[WhiteElo "2233"]
[BlackElo "2104"]
[WhiteFideId "497592"]
[BlackFideId "496952"]
[EventDate "2025.11.27"]

1. e4 c6 2. d4 d5 3. Nd2 dxe4 4. Nxe4 Nf6 5. Nxf6+ exf6 6. c3 Bd6 7. Bd3 O-O 8.
Ne2 Re8 9. O-O Nd7 10. Ng3 g6 11. Bh6 Nf8 12. Qd2 Be6 13. Rfe1 f5 14. a4 Qc7 15.
Bg5 Nd7 16. Re2 Nb6 17. Bh6 Nd5 18. Nh5 f4 19. c4 gxh5 20. cxd5 Bxd5 21. Rae1
Re6 22. Rxe6 fxe6 23. g3 Kh8 24. Bxf4 Bxf4 25. Qxf4 Qxf4 26. gxf4 Rf8 27. f5
exf5 28. Re5 Rg8+ 29. Kf1 Rg4 30. Re8+ Kg7 31. Re7+ Kf6 32. Rxb7 Rxd4 33. Ke2
Rxa4 34. Rxh7 h4 35. Ke3 Kg5 36. Rg7+ Kf6 37. Rh7 Rb4 38. f4 c5 39. Rh6+ Kg7 40.
Rxh4 Rb3 41. Kd2 Be4 42. Bxe4 fxe4 43. Kc2 Rf3 44. Rh5 Rxf4 45. Rxc5 Rf2+ 46.
Kc3 Rxh2 47. Re5 Rh3+ 48. Kd4 Rb3 49. Kxe4 Rxb2 50. Re7+ Kf6 51. Rxa7 Rb4+ 1/2-1/2

[Event "15th London Classic Open"]
[Site "London ENG"]
[Date "2025.11.28"]
[Round "3.47"]
[White "Gallana, Marco"]
[Black "Hill, Alistair"]
[Result "1/2-1/2"]
[WhiteElo "2225"]
[BlackElo "2087"]
[WhiteFideId "824542"]
[BlackFideId "432407"]
[EventDate "2025.11.27"]

1. d4 Nf6 2. c4 g6 3. Nf3 Bg7 4. Nc3 d5 5. Bg5 Ne4 6. Bf4 Nxc3 7. bxc3 c5 8. e3
O-O 9. cxd5 cxd4 10. cxd4 Qxd5 11. Be2 Qa5+ 12. Qd2 Nc6 13. Qxa5 Nxa5 14. h4 h6
15. O-O Bg4 16. Rfc1 Rac8 17. Rc7 e5 18. Rxc8 Rxc8 19. dxe5 Rc5 20. Rd1 Nc6 21.
Rd2 b6 22. g3 h5 23. Kg2 Bxe5 24. Nxe5 Nxe5 25. Bxe5 Rxe5 26. Bxg4 hxg4 27. Rd8+
Kg7 28. Rd4 Ra5 29. a4 f5 30. e4 Kf6 31. exf5 gxf5 32. Kf1 Rc5 33. Rd7 Ra5 34.
Rd4 Rc5 35. Ke2 Rc2+ 36. Ke3 Rc3+ 37. Rd3 Rc4 38. Rd4 Rc3+ 39. Kd2 Ra3 40. Rf4
Kg6 41. Rc4 Kf6 42. Ke2 Ra1 43. Ke3 Ra2 44. Rf4 Ke5 45. Rb4 Kf6 46. Rf4 Ke5 1/2-1/2

[Event "15th London Classic Open"]
[Site "London ENG"]
[Date "2025.11.28"]
[Round "3.48"]
[White "Dignam, Matthew"]
[Black "Hariharan, Shambavi"]
[Result "1-0"]
[WhiteTitle "CM"]
[BlackTitle "WFM"]
[WhiteElo "2214"]
[BlackElo "1988"]
[WhiteFideId "2501422"]
[BlackFideId "488160"]
[EventDate "2025.11.27"]

1. e4 e5 2. Nf3 Nf6 3. d4 Nxe4 4. dxe5 Nc5 5. Nc3 Be7 6. Be3 O-O 7. Nd5 d6 8.
Nxe7+ Qxe7 9. exd6 cxd6 10. Be2 Nc6 11. O-O Bf5 12. Re1 h6 13. Nd4 Nxd4 14. Bxd4
Qg5 15. Bf3 Rfe8 16. Rxe8+ Rxe8 17. b4 Ne6 18. Bxa7 Qf4 19. c3 Qc4 20. Qd2 Ng5
21. Bd5 Qg4 22. f3 Qh5 23. Re1 Rxe1+ 24. Qxe1 Qg6 25. Bxb7 Be6 26. Kh1 Bxa2 27.
Be3 Ne6 28. Be4 Qh5 29. Qd2 Qb5 30. Qxa2 Qf1+ 31. Bg1 g6 32. Qf2 Qc1 33. Qe3 Qd1
34. Bxg6 Kg7 35. Bf5 1-0

[Event "15th London Classic Open"]
[Site "London ENG"]
[Date "2025.11.28"]
[Round "3.49"]
[White "Hagesather, Arne"]
[Black "Kalavannan, Koby"]
[Result "1/2-1/2"]
[BlackTitle "FM"]
[WhiteElo "1975"]
[BlackElo "2275"]
[WhiteFideId "1502476"]
[BlackFideId "425753"]
[EventDate "2025.11.27"]

1. d4 Nf6 2. Bf4 e6 3. e3 c5 4. c3 Qb6 5. Qb3 d5 6. Nd2 Nc6 7. Ngf3 c4 8. Qc2
Nh5 9. Bg3 Be7 10. Be2 Bd7 11. Ne5 Nxg3 12. Nxd7 Kxd7 13. hxg3 f5 14. g4 g6 15.
gxf5 exf5 16. g4 fxg4 17. Bxg4+ Kc7 18. e4 dxe4 19. O-O-O Rae8 20. Qxe4 Qa6 21.
Kb1 b5 22. Qe6 h5 23. Qd7+ Kb6 24. d5 Nb8 25. Qe6+ Kc7 26. Ne4 hxg4 27. Qxa6
Nxa6 28. Rxh8 Rxh8 29. d6+ Bxd6 30. Nxd6 Rb8 31. Ne4 Re8 32. Rd4 Nb8 33. Ng3 Nc6
34. Rxg4 Re1+ 35. Kc2 Ne5 36. Rg5 a6 37. f4 Nd3 38. Rxg6 Nxf4 39. Rxa6 Rg1 40.
Ne4 Rg2+ 41. Nd2 Nd3 42. b3 Nc5 43. Ra7+ Kb6 44. Re7 cxb3+ 45. axb3 Nxb3 46.
Kxb3 Rxd2 1/2-1/2

[Event "15th London Classic Open"]
[Site "London ENG"]
[Date "2025.11.28"]
[Round "3.50"]
[White "O'cuilleanain, Oisin"]
[Black "Schmider, Niklas"]
[Result "0-1"]
[BlackTitle "IM"]
[WhiteElo "2170"]
[BlackElo "2423"]
[WhiteFideId "2514249"]
[BlackFideId "12993778"]
[EventDate "2025.11.27"]

1. e4 c5 2. Nf3 d6 3. d4 cxd4 4. Nxd4 Nf6 5. Nc3 a6 6. Bc4 e6 7. Bb3 Nbd7 8. Be3
Nc5 9. f3 Be7 10. Qe2 Qc7 11. O-O-O b5 12. g4 b4 13. Nb1 Nxb3+ 14. axb3 O-O 15.
h4 a5 16. h5 Nd7 17. g5 Nc5 18. g6 Bf6 19. Nd2 Ba6 20. Qh2 Rfc8 21. Nc4 Rd8 22.
h6 fxg6 23. hxg7 Qxg7 24. Nc6 Rdc8 25. e5 dxe5 26. N4xe5 Nd3+ 27. Rxd3 Bxd3 28.
c4 bxc3 29. bxc3 Bxe5 30. Nxe5 Rxc3+ 31. Kd1 Rd8 32. Bg5 Be2+ 0-1

[Event "15th London Classic Open"]
[Site "London ENG"]
[Date "2025.11.28"]
[Round "3.51"]
[White "Koster, Ramon"]
[Black "Deepak Ambattu, Rithvik"]
[Result "1/2-1/2"]
[WhiteTitle "FM"]
[BlackTitle "CM"]
[WhiteElo "2302"]
[BlackElo "2168"]
[WhiteFideId "1008544"]
[BlackFideId "2410060"]
[EventDate "2025.11.27"]

1. d4 d5 2. c4 e6 3. Nc3 Nf6 4. cxd5 exd5 5. Bg5 c6 6. e3 h6 7. Bh4 Be7 8. Bd3
O-O 9. Nge2 Re8 10. O-O Nh5 11. Bxe7 Qxe7 12. Qd2 Nd7 13. Rae1 Nf8 14. a3 Bd7
15. Nc1 Nf6 16. f3 Qd6 17. Bc2 Ne6 18. Nd3 c5 19. dxc5 Nxc5 20. Nxc5 Qxc5 21.
Bb3 Bc6 22. Ba2 a5 23. Qd4 Qxd4 24. exd4 g6 25. Kf2 Kf8 26. h4 h5 27. Kg3 Red8
28. Kf4 b5 29. Rc1 b4 30. Nd1 Bb5 31. Re1 bxa3 32. bxa3 Rac8 33. Ne3 Bc4 34. Bb1
Re8 35. g4 Re6 36. g5 Nd7 37. Ng2 Rxe1 38. Nxe1 Re8 39. Ng2 Re2 40. Rc2 Rxc2 41.
Bxc2 Ke7 42. Ke3 Nb6 43. Kd2 Bf1 44. Ne3 Nc4+ 45. Nxc4 Bxc4 46. Ke3 Bb5 47. Bb3
Bc6 48. Kf4 Kd6 49. Ba2 Ke6 50. Bb1 Bb5 51. Bc2 Kd6 52. Bd1 Ke6 53. Ke3 f5 54.
gxf6 Kxf6 55. Kf4 Bc4 56. Ba4 Ba2 57. Be8 Bc4 58. Kg3 Ba2 59. Bd7 Bb3 60. Kf4
Bc4 1/2-1/2

[Event "15th London Classic Open"]
[Site "London ENG"]
[Date "2025.11.28"]
[Round "3.52"]
[White "Hng, Mei-En Emmanuelle"]
[Black "Shubin, Daniel"]
[Result "0-1"]
[WhiteTitle "WFM"]
[BlackTitle "CM"]
[WhiteElo "2125"]
[BlackElo "2235"]
[WhiteFideId "5804566"]
[BlackFideId "30936470"]
[EventDate "2025.11.27"]

1. e4 e6 2. d4 d5 3. Nc3 Bb4 4. e5 c5 5. Bd2 Ne7 6. Nb5 Bxd2+ 7. Qxd2 O-O 8. f4
b6 9. Nf3 Ba6 10. a4 Nbc6 11. Bd3 Bxb5 12. axb5 Nxd4 13. Nxd4 cxd4 14. O-O f6
15. Rfe1 Qc7 16. g3 Rae8 17. Qb4 fxe5 18. Rxe5 Ng6 19. Bxg6 hxg6 20. Qxd4 Re7
21. Qd3 Rf5 22. Rae1 Kf7 23. Kg2 Qc5 24. R1e2 Re8 25. Rf2 Rh8 26. Rfe2 Re8 27.
Rf2 Qc4 28. Qa3 Re7 29. Qe3 Kg8 30. Rxe6 d4 31. Rxe7 dxe3 0-1

[Event "15th London Classic Open"]
[Site "London ENG"]
[Date "2025.11.28"]
[Round "3.53"]
[White "Khachatouri, Saro"]
[Black "Khoo-Thwe, Louis"]
[Result "0-1"]
[BlackTitle "CM"]
[WhiteElo "2100"]
[BlackElo "2225"]
[WhiteFideId "1638076"]
[BlackFideId "1538756"]
[EventDate "2025.11.27"]

1. Nf3 d5 2. g3 Nc6 3. d4 Bf5 4. Bg2 Nb4 5. Na3 e6 6. O-O Be7 7. c3 Na6 8. Ne5
Nf6 9. Qb3 Qc8 10. f3 O-O 11. g4 Bg6 12. h4 h5 13. g5 Ne8 14. Nxg6 fxg6 15. Bd2
Bxa3 16. bxa3 Nd6 17. e4 c6 18. Rae1 Nc4 19. Bc1 Qc7 20. Qc2 Qf7 21. Bh3 Rae8
22. Qd3 Nc7 23. a4 e5 24. f4 exd4 25. exd5 Qxd5 26. Rxe8 Rxe8 27. Qxg6 Ne3 28.
Re1 Qf3 29. Bxe3 Qg3+ 0-1

[Event "15th London Classic Open"]
[Site "London ENG"]
[Date "2025.11.28"]
[Round "3.54"]
[White "Richardson, John R"]
[Black "Yoon, Jacob D"]
[Result "1/2-1/2"]
[WhiteTitle "FM"]
[BlackTitle "CM"]
[WhiteElo "2224"]
[BlackElo "2160"]
[WhiteFideId "401617"]
[BlackFideId "446076"]
[EventDate "2025.11.27"]

1. d4 Nf6 2. c4 e6 3. Nc3 Bb4 4. e3 O-O 5. Ne2 d5 6. a3 Be7 7. Ng3 b6 8. cxd5
exd5 9. Bd3 c5 10. O-O Nc6 11. Nf5 c4 12. Nxe7+ Nxe7 13. Bc2 Bf5 14. Bxf5 Nxf5
15. b3 Rc8 16. bxc4 Rxc4 17. Qd3 Nd6 18. f3 Qc8 19. Bd2 Re8 20. Rae1 Qc6 21. g4
Rc8 22. Rc1 Nb5 23. Nb1 h6 24. Kg2 a6 25. h4 Nh7 26. a4 Nd6 27. a5 Nb5 28. axb6
Qxb6 29. Na3 Nxa3 30. Qxa3 h5 31. g5 Nf8 32. Rxc4 dxc4 33. Ra1 Ng6 34. Be1 c3
35. Qa2 Qb2+ 36. Kg3 Qxa2 37. Rxa2 c2 38. Bd2 c1=Q 39. Bxc1 Rxc1 40. Rxa6 Rd1
41. Ra8+ Nf8 42. Kf4 g6 43. Ke5 Kg7 44. Kd6 Rf1 45. f4 Re1 46. Re8 Ne6 47. d5
Nxf4 48. e4 Ng2 49. Kc7 Rc1+ 50. Kb7 Nxh4 51. d6 Rd1 52. Kc6 Nf3 53. d7 Nxg5 54.
d8=Q Rxd8 55. Rxd8 h4 56. Kd5 Nf3 57. Kc4 Kf6 58. Kd3 Kg5 59. Ke3 Kg4 60. Rd1 h3
61. Kf2 Kf4 62. Rh1 Ng5 63. Re1 Nxe4+ 64. Kg1 Ng5 65. Ra1 f5 66. Kh2 Kg4 67.
Rg1+ Kh4 68. Rf1 Ne4 69. Rf3 Ng5 70. Rf4+ Kh5 71. Kg3 Kh6 72. Ra4 Nf7 73. Kxh3
Kg5 74. Kg3 Nd6 75. Ra6 Nb5 76. Ra5 Nd4 77. Rd5 Ne6 78. Ra5 Kf6 79. Kh4 g5+ 80.
Kh5 Nf4+ 81. Kh6 g4 82. Ra3 Nh3 83. Kh5 Nf2 84. Kh4 Ke5 85. Kg3 Ne4+ 86. Kg2 Kf4
87. Ra4 Ke3 88. Ra3+ Kf4 89. Ra4 Kg5 90. Ra5 Nf6 91. Rb5 Nh5 92. Ra5 Nf4+ 93.
Kg3 Ne2+ 94. Kf2 Nd4 95. Kg3 Nc6 96. Rc5 Nb4 97. Ra5 Nc2 98. Rb5 Ne3 99. Ra5
Nf1+ 100. Kf2 Nd2 101. Kg3 Ne4+ 102. Kg2 Kf6 103. Ra6+ Ke5 104. Ra5+ Ke6 105.
Ra6+ Nd6 106. Kg3 Ke5 107. Ra5+ Ke4 108. Ra4+ Ke5 109. Ra5+ 1/2-1/2

[Event "15th London Classic Open"]
[Site "London ENG"]
[Date "2025.11.28"]
[Round "3.55"]
[White "Sefton, Adam"]
[Black "Li, Harry"]
[Result "0-1"]
[WhiteElo "2035"]
[BlackElo "2206"]
[WhiteFideId "343400965"]
[BlackFideId "430145"]
[EventDate "2025.11.27"]

1. e4 e5 2. Nf3 Nc6 3. Bc4 Nf6 4. d3 Bc5 5. c3 d6 6. O-O a5 7. Nbd2 O-O 8. Bb3
Be6 9. Bc2 Ba7 10. h3 h6 11. Re1 Nd7 12. Nf1 d5 13. d4 exd4 14. e5 dxc3 15. Qd3
f5 16. exf6 Qxf6 17. Ng3 g6 18. Bxh6 cxb2 19. Rab1 Nb4 20. Qe2 Rfe8 21. Bg5 Qg7
22. Ba4 Bf7 23. Qd2 Rxe1+ 24. Rxe1 Nc5 25. Bb5 c6 26. Bf1 Ne4 27. Nxe4 dxe4 28.
Nh4 Bxa2 29. Bh6 Qf6 0-1

[Event "15th London Classic Open"]
[Site "London ENG"]
[Date "2025.11.28"]
[Round "3.56"]
[White "Kapechun, Mikhailo"]
[Black "Smith, Andrew Philip"]
[Result "1-0"]
[BlackTitle "FM"]
[WhiteElo "2174"]
[BlackElo "2145"]
[WhiteFideId "34147527"]
[BlackFideId "2500833"]
[EventDate "2025.11.27"]

1. e4 c5 2. d4 cxd4 3. Qxd4 Nc6 4. Qd3 Nf6 5. Nc3 e6 6. Bf4 Be7 7. O-O-O O-O 8.
Be2 Qa5 9. Kb1 Ne5 10. Qg3 d6 11. h4 Bd7 12. h5 Bc6 13. Bh6 Ne8 14. f4 Nd7 15.
Bxg7 Nxg7 16. h6 Bf6 17. hxg7 Bxg7 18. Rxd6 Kh8 19. e5 Rfd8 20. Bd3 h6 21. Qg5
Nf8 22. Rxd8 Qxd8 23. Qg3 Qe7 24. Nf3 Rd8 25. a3 Nd7 26. Be4 Nc5 27. Bxc6 bxc6
28. Qf2 Rb8 29. Kc1 Bf8 30. Nd2 Qb7 31. Nc4 Nd7 32. Rh3 Nb6 33. Nxb6 axb6 34. f5
exf5 35. Qxf5 Re8 36. Ne4 Qc8 37. Qf4 Qe6 38. Nf6 Qxe5 39. Rxh6+ Kg7 40. Nxe8+ 1-0

[Event "15th London Classic Open"]
[Site "London ENG"]
[Date "2025.11.29"]
[Round "4.1"]
[White "Praggnanandhaa, R"]
[Black "Pranav, Anand"]
[Result "1/2-1/2"]
[WhiteTitle "GM"]
[BlackTitle "GM"]
[WhiteElo "2768"]
[BlackElo "2581"]
[WhiteFideId "25059530"]
[BlackFideId "46626786"]
[EventDate "2025.11.27"]

1. e4 e5 2. Nf3 Nc6 3. Bb5 a6 4. Ba4 Nf6 5. O-O Be7 6. d3 b5 7. Bb3 d6 8. a4 Bd7
9. c3 O-O 10. Ba2 Na5 11. b4 Nb7 12. axb5 axb5 13. Na3 Qc8 14. Nc2 Be6 15. Bxe6
Qxe6 16. Bg5 d5 17. Rxa8 Rxa8 18. Bxf6 Bxf6 19. Ne3 dxe4 20. dxe4 c6 21. Qd3 g6
22. h4 h5 23. g3 Kg7 24. Rc1 Nd6 25. c4 bxc4 26. Nxc4 Nxc4 27. Rxc4 Ra3 28. Rc3
Ra4 29. Rc4 Ra3 30. Rc3 Ra4 31. Rc4 1/2-1/2

[Event "15th London Classic Open"]
[Site "London ENG"]
[Date "2025.11.29"]
[Round "4.2"]
[White "Mikhalevski, Victor"]
[Black "Ivic, Velimir"]
[Result "0-1"]
[WhiteTitle "GM"]
[BlackTitle "GM"]
[WhiteElo "2504"]
[BlackElo "2618"]
[WhiteFideId "2801914"]
[BlackFideId "950122"]
[EventDate "2025.11.27"]

1. Nf3 Nf6 2. c4 b6 3. g3 Bb7 4. d4 g6 5. Bg2 Bg7 6. O-O O-O 7. d5 Na6 8. Nc3
Nc5 9. Nd4 e5 10. Nc2 a5 11. e4 d6 12. b3 Nfd7 13. Rb1 f5 14. exf5 gxf5 15. a3
Nf6 16. b4 axb4 17. axb4 Nce4 18. Ne2 Nh5 19. Ne3 Bc8 20. Qc2 Qf6 21. Nxf5 Bxf5
22. Bxe4 Bh3 23. Be3 Bxf1 24. Bxh7+ Kh8 25. Rxf1 Bh6 26. f4 Qg7 27. Bg6 Nf6 28.
Bc1 Ra1 29. Bf5 Nh5 30. Kg2 Rfa8 31. fxe5 Bxc1 32. Nxc1 Qxe5 33. Qd2 Qg7 34. Rf2
Rf8 35. Nb3 Ra3 36. Qd1 Qg5 37. Nd4 Rg8 38. Ne6 Rxg3+ 39. hxg3 Qxg3+ 40. Kf1
Qg1+ 41. Ke2 Ng3+ 42. Kd2 Qxf2+ 43. Kc3 Qxf5 44. Qd4+ Kh7 45. Qh4+ Nh5 46. Kb3
b5 0-1